000 00645nam a2200193Ia 4500
003 GCL
008 140319s9999 xx 000 0 ara d
040 _aGCL /
_cGCL
082 0 4 _a221
_bع ت
100 1 _aعبدالله يوسف على
245 1 0 _aترجمة معانى القران الكريم الى اللغة الانكليزية /
_cعبدالله يوسف على
260 _a[S.N] :
_bدار العربية للطباعة والنشر والتوزيع
300 _a1813 ص
490 _a
650 0 4 _aالاسلام
650 0 4 _aالشريعة الاسلامية
650 0 4 _aالقران - معانى
942 _2ddc
_cBK
999 _c53293
_d53293